Uomo, donna... (Record n. 360313)
[ formato base ]
| 000 -LEADER | |
|---|---|
| campo di controllo lung. fissa | 01597nam a22002177a 4500 |
| 003 - Identificatore del numero di controllo | |
| campo di controllo | IT_MiCISF |
| 005 - Data e orario dell'ultima transazione | |
| campo di controllo | 20241227120120.0 |
| 008 - Elementi di lunghezza fissa--Informazione generale | |
| campo di controllo lung. fissa | 241227b |||||||| |||| 00| 0 eng d |
| 020 ## - ISBN (International Standard Book Number) | |
| ISBN (International Standard Book Number) | 9788892229693 |
| 040 ## - Fonte della catalogazione | |
| Agenzia che fa la trascrizione | IT-MiCSF |
| 041 ## - Codice di lingua | |
| Codice di lingua del testo/traccia sonora o titolo separato | it |
| 100 ## - Accesso principale -- nome di persona | |
| Nome di persona | Ecochard René |
| 9 (RLIN) | 61278 |
| 245 ## - Formulazione del titolo | |
| Titolo | Uomo, donna... |
| Complemento del titolo | Cosa ci dicono le neuroscienze |
| 260 ## - Pubblicazione, distribuzione, ecc. (stampa) | |
| Luogo di pubblicazione, distribuzione, ecc. | Cinisello B. (MI), |
| Nome dell'editore, distributore, ecc. | San Paolo, |
| Data di pubblicazione, distribuzione, ecc. | 2023 |
| 300 ## - Descrizione fisica | |
| Estensione | pp. 191 |
| 500 ## - Nota generale | |
| Nota generale | persona, differenza-sessuale, crescita-bambini, adolescenza, corpo, identità-maschile, identità-femminile, rapporti-intergenerazionali, genetica, rapporti-genitori-figli |
| 520 ## - Riassunto, ecc. | |
| Nota di riassunto, ecc. | Un libro che offre chiavi di approfondimento sui temi dell’identità sessuale per fornire al lettore una riflessione scevra da condizionamenti ideologici nell’ambito del dibattito sulla teoria del gender. Basandosi su un enorme lavoro d’indagine tra centinaia di riferimenti bibliografici di neuropsicologia e biologia umana, René Écochard, medico ed esperto di ecologia umana integrale, spiega come, dal concepimento all’età adulta, ciascun essere umano abbia costruito nel proprio corpo, nella propria psicologia e nella relazione con gli altri la propria dimensione sessuata. L’opera propone uno scenario di modi di vivere il rapporto tra uomo e donna come un’armoniosa complementarità. Un libro accessibile a tutti, con un linguaggio chiaro e senza tecnicismi, che fornisce i punti di riferimento essenziali e un approccio molto pratico che ogni genitore o educatore dovrebbe conoscere. |
| 650 ## - Accesso aggiunto di soggetto--termine topico | |
| Termine topico o nome geografico come accesso | Persona |
| 654 ## - Accesso aggiunto di soggetto--termini topici faccettati | |
| Termine principale | saggio |
| 942 ## - Dati aggiuntivi (Koha) | |
| Fonte della classificazione o dello schema di collocazione (segnatura) | Dewey Decimal Classification |
| Tipo copia default (Koha) | LIBRO |
| Ritirato (status) | Perso (status) | Fonte della classificazione o dello schema di collocazione (segnatura) | Danneggiato (status) | Non per il presito | Biblioteca proprietaria | Biblioteca in cui si trova | Data d'acquisizione | Totale prestiti | Collocazione | Codice a barre | Data ultima operazione | Prezzo in vigore dal | Tipo copia default (Koha) |
|---|---|---|---|---|---|---|---|---|---|---|---|---|---|
| Dewey Decimal Classification | Buone Condizioni | Not For Loan | CISF - Milano | CISF - Milano | 27/12/2024 | B7858 | 9788892229693 | 27/12/2024 | 27/12/2024 | LIBRO |